000 00696nam a2200289Ia 4500
005 20260324141150.0
008 008 260324s9999 xx 000 0 eng d
020 _a9780203449561
037 _aEBOOK
040 _aCRL
040 _beng
040 _cCRL
041 _2eng
041 _aeng
084 _qCRL
100 _aThomas Hall
_91179335
245 0 _aPlanning Europe's Capital Cities
245 0 _bAspects of Nineteenth-Century Urban Development
260 _bTaylor and Francis
260 _c1997
365 _a
365 _b290
856 _uhttp://www.taylorfrancis.com/books/9780203449561
942 _cEBOOK
999 _c1809965
_d1809965